[Event "FRA-chT Top 16 La Bourdonnais"]
[Site "Playchess.com INT"]
[Date "2021.01.09"]
[Round "8"]
[White "Brunner, Nicolas"]
[Black "El Mchaouri Mas, Younes"]
[Result "1/2-1/2"]
[WhiteElo "2418"]
[BlackElo "2207"]
[PlyCount "132"]
[EventDate "2021.01.09"]
[EventType "team-tourn (rapid)"]
[EventRounds "12"]
[EventCountry "FRA"]
[SourceTitle "CBM 200 Extra"]
[Source "ChessBase"]
[SourceDate "2021.03.31"]
[SourceVersion "1"]
[SourceVersionDate "2021.03.31"]
[SourceQuality "1"]
[WhiteTeam "Vandoeuvre"]
[BlackTeam "Lyon"]
[WhiteTeamCountry "FRA"]
[BlackTeamCountry "FRA"]

1. d4 g6 2. c4 Bg7 3. e4 d6 4. Nc3 e5 5. Nf3 Nc6 6. Bg5 f6 7. Be3 Nh6 8. dxe5 dxe5 9. Qxd8+ Kxd8 10. 0-0-0+ Bd7 11. h3 Nf7 12. c5 Kc8 13. Bc4 Rf8 14. Rd2 Nfd8 15. Rhd1 Be8 16. b4 Bf7 17. Bxf7 Nxf7 18. b5 Ne7 19. Rd7 Re8 20. Kc2 Nd8 21. g4 Ne6 22. Kb3 c6 23. a4 Bf8 24. R7d6 Ng8 25. bxc6 bxc6 26. Rxc6+ Kb7 27. Rxe6 Rxe6 28. Rd7+ Kc6 29. Rxh7 Bxc5 30. Nd5 Rb8+ 31. Kc4 Bxe3 32. fxe3 Kd6 33. Rxa7 Rc8+ 34. Kd3 Ne7 35. Nc3 Nc6 36. Rg7 Nb4+ 37. Kd2 g5 38. h4 gxh4 39. Nxh4 Kc5 40. Nf5 Kc4 41. Nb5 Rd8+ 42. Ke2 Ra6 43. Rf7 Rh8 44. Nbd6+ Kc3 45. Rxf6 Rxa4 46. g5 Rh3 47. Nb5+ Kc4 48. Nfd6+ Kc5 49. Nc3 Ra3 50. Ndb5 Rb3 51. Rf2 Rb2+ 52. Kf1 Rxf2+ 53. Kxf2 Rh5 54. Nc7 Rxg5 55. Ne6+ Kc4 56. Nxg5 Kxc3 57. Nf7 Nd3+ 58. Kf3 Kd2 59. Nd6 Ne1+ 60. Kg4 Kxe3 61. Kf5 Nd3 62. Nc4+ Kd4 63. Nxe5 Nxe5 64. Kf4 Nd3+ 65. Kf5 Ne5 66. Kg5 Kxe4 1/2-1/2

[Event "FRA-chT Top 16 La Bourdonnais"]
[Site "Playchess.com INT"]
[Date "2021.01.09"]
[Round "10"]
[White "El Mchaouri Mas, Younes"]
[Black "Terrieux, Kevin"]
[Result "1-0"]
[WhiteElo "2207"]
[BlackElo "2448"]
[PlyCount "53"]
[EventDate "2021.01.09"]
[EventType "team-tourn (rapid)"]
[EventRounds "12"]
[EventCountry "FRA"]
[SourceTitle "CBM 200 Extra"]
[Source "ChessBase"]
[SourceDate "2021.03.31"]
[SourceVersion "1"]
[SourceVersionDate "2021.03.31"]
[SourceQuality "1"]
[WhiteTeam "Lyon"]
[BlackTeam "Metz Fischer"]
[WhiteTeamCountry "FRA"]
[BlackTeamCountry "FRA"]

1. Nf3 d5 2. c4 d4 3. b4 Bg4 4. e3 dxe3 5. fxe3 e5 6. Be2 e4 7. Nd4 Bxe2 8. Qxe2 Nf6 9. 0-0 Bxb4 10. Nf5 0-0 11. Bb2 Nbd7 12. Nc3 Bd6 13. Nd5 Be5 14. Bxe5 Nxe5 15. Nh6+ Kh8 16. Nxf6 gxf6 17. Rf5 Qe7 18. Raf1 Rad8 19. Rh5 f5 20. Nxf5 Qf6 21. Rf4 Ng6 22. Rh6 Qa1+ 23. Rf1 Qe5 24. Qh5 Kg8 25. Rxh7 Rxd2 26. Qh6 Rfd8 27. Rg7+ 1-0

[Event "FRA-ch op-A"]
[Site "Nimes"]
[Date "2018.08.18"]
[Round "9"]
[White "Pottier, Simeon"]
[Black "El Mchaouri Mas, Younes"]
[Result "1-0"]
[WhiteElo "2092"]
[BlackElo "2120"]
[PlyCount "71"]
[EventDate "2018.08.18"]
[EventType "swiss"]
[EventRounds "9"]
[EventCountry "FRA"]
[SourceTitle "CBM 186 Extra"]
[Source "ChessBase"]
[SourceDate "2018.08.24"]
[SourceVersion "1"]
[SourceVersionDate "2018.08.24"]
[SourceQuality "1"]

1. d4 g6 2. c4 Bg7 3. e4 d6 4. Nc3 Nf6 5. Nf3 0-0 6. Be2 Bg4 7. 0-0 Nfd7 8. Be3 Nc6 9. d5 Bxf3 10. Bxf3 Na5 11. Be2 Bxc3 12. bxc3 Nc5 13. Bxc5 dxc5 14. f4 e5 15. f5 f6 16. fxg6 hxg6 17. Rf3 Kg7 18. Rg3 Rh8 19. Qd3 Qd6 20. Rf1 Raf8 21. Bg4 Rh6 22. Bf5 Rfh8 23. Be6 Rf8 24. Rgf3 Qe7 25. Rg3 b6 26. Rff3 Nb7 27. Rg4 Nd6 28. Rfg3 Qe8 29. h4 Rfh8 30. Bf5 Nxf5 31. exf5 Rxh4 32. Rxg6+ Kf7 33. d6 Rh1+ 34. Kf2 Qc6 35. Rg7+ Kf8 36. d7 1-0

[Event "Montpellier op 21st"]
[Site "Montpellier"]
[Date "2015.07.06"]
[Round "2"]
[White "El Mchaouri Mas, Younes"]
[Black "Brochet, Philippe"]
[Result "1/2-1/2"]
[WhiteElo "2113"]
[BlackElo "2378"]
[PlyCount "97"]
[EventDate "2015.07.05"]
[EventType "swiss"]
[EventRounds "9"]
[EventCountry "FRA"]
[SourceTitle "EXT 2016"]
[Source "ChessBase"]
[SourceDate "2015.10.08"]
[SourceVersion "1"]
[SourceVersionDate "2015.10.08"]
[SourceQuality "1"]

1. d4 d5 2. Bf4 Nf6 3. e3 c5 4. Nc3 a6 5. Nf3 cxd4 6. exd4 Nc6 7. h3 Bf5 8. Bd3 Be4 9. Bxe4 Nxe4 10. 0-0 e6 11. Ne2 Be7 12. c3 0-0 13. Nd2 Nxd2 14. Bxd2 b5 15. a3 a5 16. Nf4 b4 17. axb4 axb4 18. Qg4 Kh8 19. Nd3 Qb8 20. Qf3 Rxa1 21. Rxa1 bxc3 22. bxc3 Qb3 23. g3 Bd8 24. Ra8 Qb7 25. Ra1 Na5 26. Re1 Nc4 27. Bf4 Ba5 28. Nc5 Qb2 29. Rc1 Ra8 30. Kg2 Bd8 31. Nd3 Qb7 32. Ne5 Rc8 33. Nxc4 Rxc4 34. Bd2 Kg8 35. Ra1 h6 36. h4 Bf6 37. Bxh6 Rc8 38. Bd2 Qb2 39. Qd1 e5 40. Rb1 Qa2 41. dxe5 Bxe5 42. Qg4 Rc4 43. Qf5 Re4 44. Rb7 Qxd2 45. Qxf7+ Kh7 46. Qf5+ Kg8 47. Qf7+ Kh7 48. Qf5+ Kg8 49. Qf7+ 1/2-1/2

[Event "Saint Affrique op 22nd"]
[Site "Saint Affrique"]
[Date "2014.07.22"]
[Round "5"]
[White "El Mchaouri Mas, Younes"]
[Black "Benmesbah, Natacha"]
[Result "0-1"]
[WhiteElo "2049"]
[BlackElo "2224"]
[PlyCount "22"]
[EventDate "2014.07.19"]
[EventType "swiss"]
[EventRounds "9"]
[EventCountry "FRA"]
[SourceTitle "CBM 161 Extra"]
[Source "ChessBase"]
[SourceDate "2014.08.29"]
[SourceVersion "1"]
[SourceVersionDate "2014.08.29"]
[SourceQuality "1"]

1. e4 c5 2. Nf3 Nc6 3. Nc3 g6 4. d4 cxd4 5. Nxd4 Bg7 6. Be3 Nf6 7. f3 0-0 8. Bc4 Qb6 9. Ncb5 a6 10. Nc3 Qxb2 11. Nde2 Ng4 0-1

[Event "Saint Affrique op 22nd"]
[Site "Saint Affrique"]
[Date "2014.07.19"]
[Round "1"]
[White "El Mchaouri Mas, Younes"]
[Black "Prieu, Arnaud"]
[Result "1-0"]
[WhiteElo "2049"]
[BlackElo "1572"]
[PlyCount "49"]
[EventDate "2014.07.19"]
[EventType "swiss"]
[EventRounds "9"]
[EventCountry "FRA"]
[SourceTitle "CBM 161 Extra"]
[Source "ChessBase"]
[SourceDate "2014.08.29"]
[SourceVersion "1"]
[SourceVersionDate "2014.08.29"]
[SourceQuality "1"]

1. e4 e5 2. Nf3 Nc6 3. Bb5 a6 4. Bxc6 dxc6 5. Nc3 Bg4 6. h3 Bxf3 7. Qxf3 Bc5 8. Qg3 Qf6 9. d3 h6 10. f4 Bd4 11. Ne2 exf4 12. Bxf4 Bxb2 13. Rb1 Bc3+ 14. Kd1 Ba5 15. Be5 Qg6 16. Qxg6 fxg6 17. Rxb7 Kd7 18. Bxg7 Rh7 19. Bd4 Rf7 20. Rb3 Raf8 21. Ng3 h5 22. Ke2 Ne7 23. Rf1 Rxf1 24. Nxf1 Ke8 25. Ne3 1-0

[Event "FRA-ch U20"]
[Site "Saint Paul Trois Chateaux"]
[Date "2013.05.03"]
[Round "7"]
[White "Bensaid, Simon"]
[Black "El Mchaouri Mas, Younes"]
[Result "0-1"]
[WhiteElo "1554"]
[BlackElo "1945"]
[PlyCount "40"]
[EventDate "2013.04.28"]
[EventType "swiss"]
[EventRounds "9"]
[EventCountry "FRA"]
[SourceTitle "CBM 154 Extra"]
[Source "ChessBase"]
[SourceDate "2013.06.25"]
[SourceVersion "2"]
[SourceVersionDate "2013.06.25"]
[SourceQuality "1"]

1. e4 c6 2. d4 d5 3. Nc3 dxe4 4. Nxe4 Bf5 5. Ng3 Bg6 6. h4 h6 7. Nf3 Nd7 8. c3 Ngf6 9. h5 Bh7 10. Qb3 Qb6 11. Qxb6 axb6 12. Ne5 e6 13. Bc4 Bd6 14. Bf4 Bxe5 15. Bxe5 Nxe5 16. dxe5 Ng4 17. f4 Ne3 18. Bb3 Nxg2+ 19. Kf2 Nxf4 20. Ke3 Nd3 0-1